MARC

LEADER 00000nam0a2200000 4500
001 357275
005 20231102010957.0
035 |a (RuTPU)RU\TPU\retro\14543 
090 |a 357275 
100 |a 20200804d1936 km y0rusy50 ca 
101 0 |a rus 
102 |a RU 
105 |a a z 001zy 
200 1 |a Большой Алтай   |e сборник материалов по проблеме комплексного изучения и освоения природных ресурсов Алтайско-Иртышского района  |h Т. 3  |f Академия наук СССР ; под ред. В. А. Бессонова 
210 |a Москва  |c Издательство Академии наук СССР  |d 1936 
215 |a 583 с.  |c ил. 
225 1 |a Труды Казахстанской базы  |v Вып. 6 
320 |a Указ. имен: с. 517-535 
320 |9 572  |a Географический указатель: с. 536-556 
320 |9 572  |a Предм. указ.: с. 557-566 
606 1 |a Геология  |y Алтайский край  |2 stltpush  |3 (RuTPU)RU\TPU\subj\72099  |9 85686 
606 1 |a Западная Сибирь  |x Экономическая география  |2 stltpush  |3 (RuTPU)RU\TPU\subj\71959  |9 85615 
610 1 |a комплексное изучение 
610 1 |a природные ресурсы 
610 1 |a климат 
610 1 |a Иртыш 
610 1 |a гидроэнергетика 
610 1 |a транспорт 
610 1 |a геологические экспедиции 
610 1 |a геодезия 
610 1 |a полезные ископаемые 
610 1 |a минералогия 
610 1 |a петрофизика 
610 1 |a гидрогеология 
610 1 |a гидробиология 
610 1 |a зоология 
610 1 |a народное хозяйство 
610 1 |a промышленность 
610 1 |a сельское хозяйство 
675 |a 55(571.15)  |v 4 
686 |a У04(2Р5)  |2 rubbk 
702 1 |a Бессонов  |b В. А.  |4 340 
712 0 2 |a Академия наук СССР  |c (Ленинград/Москва)  |c (1925-1991)  |2 stltpush  |3 (RuTPU)RU\TPU\col\722  |9 23473 
801 1 |a RU  |b 63413507  |c 20200804 
801 2 |a RU  |b 63413507  |c 20200914  |g RCR 
942 |c BK